000 01042nam a2200265Ia 4500
003 OSt
005 20221005103556.0
006 a|||||r|||| 00| 0
007 ta
008 221004b |||||||| |||| 00| 0 hin d
020 _a9788188257980 (hbk)
_c500
024 _a116501
037 _b476/1, 12/03/2012, Eastern Book Linkers
_cTextual
040 _aCRL
_cCRL
_bhin
041 _2hin
_ahin
082 _aG:55, 152Q2
100 _aशर्मा, सुधीर कुमार
245 0 _aरामायणकालीन पर्यावरण चेतना की वैज्ञानिकता
246 _aRāmāyaṇakālīn paryāvaraṇ chetanā kī vaijnyānikatā
260 _aजयपुर
_bहंसा प्रकाशन भारत
_c2012
300 _a302पृ0
_ccm.
650 _aभारतीय-भूगोल
942 _hG:55, 152Q2
_cTEXL
_2cc
999 _c1010323
_d1010323